El astillero

I tiakina i:
Ngā taipitopito rārangi puna kōrero
Kaituhi matua: Onetti, Juan Carlos (autor)
Hōputu: Pukapuka
Reo:Pāniora
I whakaputaina: Barcelona Seix Barral 1980
Putanga:3a. ed
Rangatū:Biblioteca Breve
Ngā marau:
Ngā Tūtohu: Tāpirihia he Tūtohu
Kāore He Tūtohu, Me noho koe te mea tuatahi ki te tūtohu i tēnei pūkete!

MARC

LEADER 00000nam a2200000 a 4500
001 UCQ2038
003 CL-VaPUC
008 980721e19800000SP |||||||||||||||||spa|d
082 0 4 |a Ur863  |b ONE  |2 21 
100 |a Onetti, Juan Carlos  |e autor  |9 376728 
245 1 3 |a El astillero 
250 |a 3a. ed 
300 |a 217 p 
942 |c BK 
945 |d 19980721 00:00:00  |a lriquelm 
260 |a Barcelona  |b Seix Barral  |c 1980 
650 0 |a Novelas uruguayas  |9 317140 
650 0 |a Literatura uruguaya  |9 342815 
583 |a last modification  |c 19980721 00:00:00  |k Rodrigo Vera 
490 0 |a Biblioteca Breve 
999 |c 272880  |d 272878 
952 |0 0  |1 0  |4 0  |6 UR_863_000000000000000_ONE_1980  |7 0  |8 A  |9 308087  |a BIBEDU  |b BIBEDU  |d 2019-11-20  |i 1440837  |o Ur863 ONE 1980  |p 1440837  |r 2019-11-20  |w 2019-11-20  |y BK  |k LIT